<?xml version="1.0" encoding="UTF-8"?><?xml-stylesheet type="text/xsl" href="static/style.xsl"?><OAI-PMH xmlns="http://www.openarchives.org/OAI/2.0/" xmlns:xsi="http://www.w3.org/2001/XMLSchema-instance" xsi:schemaLocation="http://www.openarchives.org/OAI/2.0/ http://www.openarchives.org/OAI/2.0/OAI-PMH.xsd"><responseDate>2026-06-03T22:07:31Z</responseDate><request verb="GetRecord" identifier="oai:riuma.uma.es:10630/45616" metadataPrefix="marc">https://riuma.uma.es/rest/oai/request</request><GetRecord><record><header><identifier>oai:riuma.uma.es:10630/45616</identifier><datestamp>2026-02-21T00:45:56Z</datestamp><setSpec>com_10630_2254</setSpec><setSpec>col_10630_37956</setSpec></header><metadata><record xmlns="http://www.loc.gov/MARC21/slim" xmlns:dcterms="http://purl.org/dc/terms/" xmlns:doc="http://www.lyncode.com/xoai" xmlns:xsi="http://www.w3.org/2001/XMLSchema-instance" xsi:schemaLocation="http://www.loc.gov/MARC21/slim http://www.loc.gov/standards/marcxml/schema/MARC21slim.xsd">
   <leader>00925njm 22002777a 4500</leader>
   <datafield ind2=" " ind1=" " tag="042">
      <subfield code="a">dc</subfield>
   </datafield>
   <datafield ind2=" " ind1=" " tag="720">
      <subfield code="a">Jiménez-Morales, María Isabel</subfield>
      <subfield code="e">author</subfield>
   </datafield>
   <datafield ind2=" " ind1=" " tag="260">
      <subfield code="c">2024</subfield>
   </datafield>
   <datafield ind2=" " ind1=" " tag="520">
      <subfield code="a">Esta investigación se centra en la producción teatral de Ramón Franquelo, concretamente, en el denominado "género andaluz", con el que su autor alcanzó gran popularidad en el siglo XIX. Se ha procedido a elaborar el canon de estas piezas, que, hasta el momento, no se había concretado y que está integrado por diversos géneros teatrales: comedia, drama, juguete, parodia y melodrama. También se analiza la transmisión literaria de estas obras y se exponen sus características comunes. Se llega a la conclusión de que el teatro andalucista de Ramón Franquelo ofrece una visión menos estereotipada de Andalucía que la de otros contemporáneos, debido a la influencia del Romanticismo y al tratamiento serio de los temas elegidos, alejados de un enfoque excesivamente pintoresco.</subfield>
   </datafield>
   <datafield ind1="8" ind2=" " tag="024">
      <subfield code="a">Andalucía entre propios y extraños. Textos e imágenes en la (con)figuración de lo andaluz en los siglos XVIII y XIX, Granada, Comares, 2024, pp. 143-161.</subfield>
   </datafield>
   <datafield ind1="8" ind2=" " tag="024">
      <subfield code="a">https://hdl.handle.net/10630/45616</subfield>
   </datafield>
   <datafield tag="653" ind2=" " ind1=" ">
      <subfield code="a">Teatro español - S. XIX</subfield>
   </datafield>
   <datafield tag="653" ind2=" " ind1=" ">
      <subfield code="a">Franquelo, Ramón - Crítica e interpretación</subfield>
   </datafield>
   <datafield ind2="0" ind1="0" tag="245">
      <subfield code="a">Aproximación al teatro andalucista de Ramón Franquelo (1844-1857)</subfield>
   </datafield>
</record>
</metadata></record></GetRecord></OAI-PMH>